İMDAT ÇIKARIN BENİ BURADAN (Record no. 687465)
[ view plain ]
| 000 -LEADER | |
|---|---|
| sabit uzunluktaki kontrol alanı | 00250nam a2200097Ia 4500 |
| 001 - KONTROL NUMARASI | |
| kontrol alanı | 687465 |
| 005 - EN SON İŞLEMİN TARİH VE ZAMANI | |
| kontrol alanı | 20250826161556.0 |
| 008 - SABİT-UZUNLUKTA VERİ ÖĞELERİ--GENEL BİLGİ | |
| sabit uzunluktaki kontrol alanı | 250824s9999 xx 000 0 und d |
| 245 #0 - ESER / YAZAR | |
| ESER ADI | İMDAT ÇIKARIN BENİ BURADAN |
| Yazar Adı | SALAH NAOURA |
| 260 ## - YAYIN, DAĞITIM, VB. | |
| YAYIN EVİ | TUDEM YAYINLARI |
| Düşüm durumu | Kayıp durumu | Hasar Durumu | Ödünç verilmez | Ana kütüphane | Geçerli Kütüphane | Edinilen tarih | Toplam ödünç verme sayısı | Barkod | Son görüntüleme tarihi | Son ödünç verme tarihi | Fiyatın geçerli olmaya başladığı tarih | Koha materyal türü |
|---|---|---|---|---|---|---|---|---|---|---|---|---|
| KEMAL AKPINAR İMAM HATİP ORTAOKULU | KEMAL AKPINAR İMAM HATİP ORTAOKULU | 24.08.2025 | 2 | 1028546 | 13.04.2026 | 12.03.2026 | 26.08.2025 | Books |